Statistics for Nabroji kontinente

Click here to take the quiz!

General Stats

  • This quiz has been taken 11 times
  • The average score is 4 of 7

Answers on the Map

Answers color-coded by a green-red scale on the quiz's map according to % correct below.
 

Answer Stats

Answer% Correct
Afrika
89%
Europa
78%
Australija
44%
Azija
44%
Južna Amerika
44%
Sjeverna Amerika
44%
Antartika
33%

Score Distribution

Percentile by Number Answered

Percent of People with Each Score

Your Score History

You have not taken this quiz